Encyclopedia of the Enlightenment (Titelsatznr. 56640)
[ MARC ]
| 000 -Satzkennung | |
|---|---|
| Kontrollfeld mit fester Länge | 00752nad a22002771nc4500 |
| 001 - Kontrollnummer | |
| Kontrollfeld | DHIM1623247184 |
| 003 - Kontrollnummer Identifier | |
| Kontrollfeld | RU-10907106 |
| 005 - Datum und Zeit der letzten Transaktion | |
| Kontrollfeld | 20210609173232.0 |
| 008 - Feld mit fester Länge zur physischen Beschreibung - Allgemeine Angaben | |
| Kontrollfeld mit fester Länge | 210609b |||||||| |||| 00| u ger d |
| 020 ## - Internationale Standardbuchnummer | |
| Verknüpfung | 0-19-510433-1 |
| Internationale Standardbuchnummer | 0195104331 |
| 040 ## - Katalogisierungsquelle | |
| Original-Katalogisierungsstelle | RU-10907106 |
| Katalogisierungssprache | ger |
| Übertragungsstelle | RU-10907106 |
| 245 ## - Titel | |
| Titel | Encyclopedia of the Enlightenment |
| Zählung des Teils/der Abteilung eines Werkes | Volume 3 |
| Titel eines Teils/einer Abteilung eines Werkes | Mably - Ruysch |
| 264 ## - Produktion, Veröffentlichung, Distribution, Herstellung und Urheberrechtsvermerk | |
| Herstellungs-, Veröffentlichungs- Vertriebs-, Erzeugungsort | Oxford |
| Produzent, Herausgeber, Distributor, Hersteller | Oxford University Press |
| Datum der Herstellung, der Veröffentlichung, des Vertriebs oder des Urheberschutzvermerks | 2003 |
| 300 ## - Physische Beschreibung | |
| Umfang | 497 Seiten : |
| Andere physische Details | Illustrationen |
| 336 ## - Inhaltstyp | |
| Inhaltstypterm | Text |
| 336 ## - Inhaltstyp | |
| Inhaltstypcode | txt |
| 337 ## - Medientyp | |
| Quelle | rdamedia |
| 337 ## - Medientyp | |
| Bezeichnung des Medientyps | Ohne Hilfsmittel zu benutzen |
| 337 ## - Medientyp | |
| Medientypcode | n |
| 338 ## - Datenträgertyp | |
| Quelle | rdacarrier |
| 338 ## - Datenträgertyp | |
| Datenträgertypbezeichnung | Band |
| 338 ## - Datenträgertyp | |
| Datenträgertypcode | nc |
| 700 ## - Nebeneintragung - Personenname | |
| Funktionsbezeichnungscode | edt |
| Personenname | Kors, Alan Charles |
| Funktionsbezeichnung | HerausgeberIn |
| 773 08 - Übergeordnete Einheit | |
| Datensatzkontrollnummer | a987695669 |
| 942 ## - Zusätzliche Felder (Koha) | |
| Klassifikation oder Aufstellungssystematik | Andere/Generische Klassifikation |
| Koha-Medientyp | Monographien |
| Ausgeschieden | Verloren | Klassifikation oder Aufstellungssystematik | Beschädigt | Nicht entleihbar | Heimatbibliothek | Aufenthaltsbibliothek | Aufstellungsort | Erwerbungsdatum | Inventarnummer | Signatur | Barcode | Letzte Aktivität | Preis gültig von | Koha-Medientyp |
|---|---|---|---|---|---|---|---|---|---|---|---|---|---|---|
| Andere/Generische Klassifikation | MWN Osteuropa | MWN Osteuropa | Lesesaal - 1 | 09/06/2021 | 21-00893 | X- W 41 C t Kor 1 (3) | W 41 C t Kor 1 (3) | E0040150790EBD1E | 09/06/2021 | 09/06/2021 | Monographien |